Nationalism <a> very short introduction

Saved in:
Bibliographic Details
Main Author: Grosby, Steven
Format: Book
Language:English
Published: New York Oxford University Press 2005
Series:Very short introductions
Subjects:
Tags: Add Tag
No Tags, Be the first to tag this record!

MARC

LEADER 00000nam$a2200000$$$4500
001 0113514
005 20240313133245.9
020 |a 978-0-19-284098-1 
041 0 |a eng 
044 |a US 
245 1 0 |a Nationalism  |b <a> very short introduction  |c Steven Grosby 
264 1 |a New York  |b Oxford University Press  |c 2005 
300 |a 142 s. 
490 1 |a Very short introductions 
830 0 |a Very short introductions 
610 2 0 |a národnosti 
610 2 0 |a nacionalizmus 
610 2 0 |a konflikty etnické 
610 2 0 |a konflikty medzinárodné 
610 2 0 |a história 
100 1 |a Grosby, Steven